• 首页
  • 本馆介绍
  • 公告通知
  • 最新文献
  • 馆藏检索
  • 电子资源
  • 读者导购
  • 参考咨询
  • 我的图书馆
  • 登录
  • 详细信息显示
  • 放入我的书架
  • 预约/预借图书
  • 作者相关作品
  • 分类相关作品
  • 丛书相关作品
  • 出版社相关作品

书目信息

  • 表格格式
  • 工作单格式
  • 卡片格式
题名:
提升观察力
    
 
作者: ;闫慧 译 ;爱因斯坦研究会 编著
分册:  
出版信息: 北京   中信出版集团股份有限公司  2019.12
页数: 120页
开本: 26cm
丛书名:
单 册:
中图分类: B80-49
科图分类:
主题词: 逻辑思维--luo ji si wei--能力培养--小学--教学参考资料 , 观察--guan cha--能力培养--小学--教学参考资料
电子资源:
ISBN: 978-7-5217-0624-6
000 01434nam0 2200265 450
001 0104125635
005 20201104125713.0
010    @a978-7-5217-0624-6@dCNY28.00
100    @a20200408d2019 cemy0chiy50 ea
101 1  @achi@cjpn
102    @aCN@b110000
105    @aa z 000yy
106    @ar
200 1  @a提升观察力@Ati sheng guan cha li@f(日)爱因斯坦研究会编著@g闫慧译
210    @a北京@c中信出版集团股份有限公司@d2019.12
215    @a120页@c彩图@d26cm
300    @a爱因斯坦式:小学生逻辑思维训练低阶版适合小学1年级至6年级学生使用,亲子从5岁开始
330    @a本书属于文教类图书。本套书是专为儿童设计的文字解谜类逻辑思维训练题集。本书收录44个逻辑思维训练题,分为问题篇和答案篇,是中等难度的逻辑思维训练题。小朋友想要得出答案,需要从线索中分析出有用的信息,并填入表格中,不要忘了重读问题,有时候问题中也隐藏有线索,书中还有找不同游戏。通过使用本书,让孩子的观察力迅速提升。书中的彩色卡通小图标、以及线索中所蕴含的旅行目的地、食物、动物、植物、鱼类、山川河流以及食物、日常生活用品等信息也是孩子们在解题中获得的一笔知识财富。建议小学1年级~6年级的孩子使用,如果有家长陪同,孩子从5岁就可以开始挑战。
606 0  @a逻辑思维@Aluo ji si wei@x能力培养@x小学@j教学参考资料
606 0  @a观察@Aguan cha@x能力培养@x小学@j教学参考资料
690    @aB80-49@v5
702  0 @a闫慧@Ayan hui@4译
711 02 @c(日)@a爱因斯坦研究会@Aai yin si tan yan jiu hui@4编著
801  0 @aCN@bBJSZM@c20201104
905    @b1261296-300@dB80-49@e170@f5
    
    提升观察力/(日)爱因斯坦研究会编著/闫慧译.-北京:中信出版集团股份有限公司,2019.12
    120页:彩图;26cm
    爱因斯坦式:小学生逻辑思维训练低阶版适合小学1年级至6年级学生使用,亲子从5岁开始
    
    ISBN 978-7-5217-0624-6:CNY28.00
    本书属于文教类图书。本套书是专为儿童设计的文字解谜类逻辑思维训练题集。本书收录44个逻辑思维训练题,分为问题篇和答案篇,是中等难度的逻辑思维训练题。小朋友想要得出答案,需要从线索中分析出有用的信息,并填入表格中,不要忘了重读问题,有时候问题中也隐藏有线索,书中还有找不同游戏。通过使用本书,让孩子的观察力迅速提升。书中的彩色卡通小图标、以及线索中所蕴含的旅行目的地、食物、动物、植物、鱼类、山川河流以及食物、日常生活用品等信息也是孩子们在解题中获得的一笔知识财富。建议小学1年级~6年级的孩子使用,如果有家长陪同,孩子从5岁就可以开始挑战。
●
相关链接 在E读中查询图书 在五车中查询图书 在当当中查询图书 在豆瓣中查询图书


正题名:提升观察力     索取号:B80-49/170         预约/预借

序号 登录号 条形码 馆藏地/架位号 状态 备注
1 1261296   212612966   第一样本阅览室/ [索取号:B80-49/170] 在馆    
2 1261297   212612975   教育系资料室/ [索取号:B80-49/170] 在馆    
3 1261298   212612984   教育系资料室/ [索取号:B80-49/170] 在馆    
4 1261299   212612993   第一借阅区/ [索取号:B80-49/170] 在馆    
5 1261300   212613000   第一借阅区/ [索取号:B80-49/170] 在馆    
唐山师范学院图书馆 欢迎您!
大连网信软件有限公司© 版权所有